| 000 | 00570nam a22002177a 4500 | ||
|---|---|---|---|
| 003 | OSt | ||
| 005 | 20150925144657.0 | ||
| 008 | 150925b xxu||||| |||| 00| 0 eng d | ||
| 020 | _a9780743222099 | ||
| 040 | _cDDC | ||
| 082 | _a303.4 ROG 2003 | ||
| 100 |
_aRogers, Everett M. _95782 |
||
| 245 | _aDiffusion of innovations | ||
| 250 | _a5th ed. | ||
| 260 |
_aNew York; _bFree Press, _c2003 |
||
| 300 |
_axxi,551p; _bill: _c24cm |
||
| 504 | _aGlossary, bibliography, & index included | ||
| 650 |
_aDiffusion _95783 |
||
| 650 |
_aInnovation _95784 |
||
| 942 |
_2z _cO_SHELF |
||
| 999 |
_c2286 _d2286 |
||